logo

Bir Sreshtho Munshi Abdur Rouf Library
Jhenaidah Cadet College

Human Body: (Record no. 11763)

MARC details
000 -LEADER
fixed length control field 00744nam a2200265 a 4500
001 - CONTROL NUMBER
JCCL Control Number 11763
003 - CONTROL NUMBER IDENTIFIER
JCCL marc code BD-JhCC
005 - DATE AND TIME OF LATEST TRANSACTION
control field 20200903083712.0
008 - FIXED-LENGTH DATA ELEMENTS--GENERAL INFORMATION
fixed length control field 200903b20122019enka|||| ||a| 001 0 eng d
020 ## - INTERNATIONAL STANDARD BOOK NUMBER
International Standard Book Number 9780241323069
035 ## - SYSTEM CONTROL NUMBER
system control number (BD-JhCC)11763
040 ## - CATALOGING SOURCE
Original cataloging agency BD-JhCC
Modifying agency BD-JhCC
041 ## - LANGUAGE CODE
Language code of Book eng
082 ## - DEWEY DECIMAL CLASSIFICATION NUMBER
Classification number 611
Author mark and Year WAL 2019
100 ## - MAIN ENTRY--PERSONAL NAME
Personal name Walker,Richard
245 ## - TITLE STATEMENT
Title Human Body:
Remainder of title A Children's Encyclopedia /
Statement of responsibility, etc Richard Walker, John Woodward, Sheila Brown, Ben Morgan
260 ## - PUBLICATION, DISTRIBUTION, ETC. (IMPRINT)
Place of publication, distribution, etc London:
Name of publisher, distributor, etc Dorling Kindersley Limited;
Date of publication, distribution, etc 2019.
300 ## - PHYSICAL DESCRIPTION
Pagination 256 p. :
Other physical details ill;
Dimensions 26 cm.
651 ## - SUBJECT ADDED ENTRY--GEOGRAPHIC NAME
Geographic name Human anatomy
Geographic subdivision Human body
700 ## - ADDED ENTRY--PERSONAL NAME
Personal name Woodward,john
700 ## - ADDED ENTRY--PERSONAL NAME
Personal name Brown,Sheila
700 ## - ADDED ENTRY--PERSONAL NAME
Personal name Morgan,Ben
942 ## - ADDED ENTRY ELEMENTS (KOHA)
Source of classification or shelving scheme Dewey Decimal Classification
Koha item type Books
Holdings
Source of classification or shelving scheme Damaged status Not for loan Home library Current library Shelving location Date of accession Cost, normal purchase price Total Checkouts Full call number Barcode Date last seen Copy number Koha item type
Dewey Decimal Classification   Not For Loan JCC Rouf Library JCC Rouf Library General Stacks 09/03/2020 1438.00   611 WAL 2019 16010 09/03/2020 C-1 Books

JCC Library | Contacts | JCC Home

Last Update on 23 September 2017
Copyright @ 2017-2020 JCC Rouf Library
Rouf Library, Jhenidah Cadet College (JCC), Bangladesh